000 00625nam a22002057a 4500
005 20170124110032.0
010 _aB-082206
020 _a8178800756
_c00.00
035 _aB-082206
037 _bCen Lib/Ret
040 _aDPL
_bEN
082 _a483.31
_bDIC
245 _aDictionary of idioms and phrases /
_cedited by R.Halman
260 _aNew Delhi
_bRajat publications
_c2003
270 _a4675/21,Ansari Road Darya Ganj
_bNew Delhi
_e110002
300 _a278p. :
_bill.
_c20cm(Hb)
650 _aIdioms and phrases
_vDictionary
_921946
700 _aHalman, R.
_921947
942 _2ddc
_cEN
_h483.31
_mDIC
999 _c127932
_d127932